| 000 | 00618nam a2200193 i 4500 | ||
|---|---|---|---|
| 001 | 163470 | ||
| 003 | ES-MaACL | ||
| 005 | 20230906212739.0 | ||
| 008 | 990305s1874 fr |||| | fre d | ||
| 040 |
_aCCPB | B _bspa _cCCPB | B |
||
| 100 | 1 |
_aRibot, Paul. _9131781 |
|
| 245 | 1 | 0 |
_aDu suffrage universel et de la souveraineté du peuple / _cpar Paul Ribot. |
| 260 |
_aParis : _bMichel Lévy Frères, éditeurs, _c1874. |
||
| 300 |
_a[4], XXII, 306, [1] p. ; _c22 cm. |
||
| 596 | _aMarca tip. en port. | ||
| 597 | _aAntep. | ||
| 650 | 4 |
_aSufragio universal. _9136893 |
|
| 852 |
_aES-MaACL _jB-13608 _z-- Enc. hol. |
||
| 999 |
_c163470 _d163470 |
||